Statistiques concernant Titres de films policiers à compléter

Cliquez ici pour prendre le quiz!

Statistiques générales

  • Ce quiz a été pris 273 fois
  • Le résultat moyen est 14 sur 24

Statistiques - réponses

Titre incompletIndicesMot manquant% Correct
36 ... des Oerfèvres2004 - Olivier Marchalquai
97%
Le ... de l'Orient-Express2017 - Kenneth Branaghcrime
95%
La ... aux trousses1959 - Alfred Hitchcockmort
94%
Le ... de Beverly Hills1984-1994 - Eddie Murphyflic
90%
... sur la ville1975 - Henri Verneuilpeur
88%
Le ... des Siciliens1969 - Henri Verneuilclan
86%
La ... à Bonnot1968 - Philippe Fourastiébande
76%
La ... au collet195 - Alfred Hitchcockmain
73%
Les ... du tigre2006 - Jérôme Cornuaubrigades
72%
French ...1972 - William Friedkinconnection
71%
L'... Thomas Crown1999 - John McTiernanaffaire
70%
Touchez pas au ...1954 - Jacques Beckergrisbi
69%
L'homme au ... d'or1974 - Guy Hamiltonpistolet
63%
Le ... se rebiffe1961 - Gilles Grangiercave
56%
Du ... à Paname1966 - Denys de La Patellièrerififi
55%
L'... du train postal1962 - Roberto Fariasattaque
50%
Adieu ...1975 - Pierre Granier-Deferrepoulet
49%
... Python 3571976 - Alain Corneaupolice
48%
Le port de l'...1947 - Howard Hawksangoisse
46%
Le ... Fayard dit "Le shériff"1977 - Yves Boissetjuge
38%
Les ... ne portent pas de costard1982 - Carl Reinercadavres
28%
L'... de Boston1968 - Richard Fleischerétrangleur
21%
Un ... dans la ville1974 - Michael Winnerjusticier
10%
L'... du Chicago Express1952 - Richard Fleischerénigme
6%

Distribution des résultats

Percentile par nombre de réponses

% des personnes avec chaque résultat

Votre développement - résultats

Vous n’avez pas pris ce quiz